Normal view MARC view
  • Continuum impacts

Entry Uniform Title

Number of records used in: 2

001 - CONTROL NUMBER

  • control field: 11542

003 - CONTROL NUMBER IDENTIFIER

  • control field: NUST

005 - DATE AND TIME OF LATEST TRANSACTION

  • control field: 20180710061401.0

008 - FIXED-LENGTH DATA ELEMENTS

  • fixed length control field: 180710|| aca||aabn | a|a d

040 ## - CATALOGING SOURCE

  • Original cataloging agency: NUST
  • Transcribing agency: NUST

130 ## - HEADING--UNIFORM TITLE

  • Uniform title: Continuum impacts

670 ## - SOURCE DATA FOUND

  • Source citation: Work cat.: (NUST)0: Klemperer, Victor, 1881-1960. 11541, The language of the Third Reich :, 2006.
© 2023 Central Library, National University of Sciences and Technology. All Rights Reserved.